[Event "Regionalliga NO 1314"]
[Site "Bayern"]
[Date "2013.10.13"]
[Round "1.3"]
[White "Jauernig, Udo"]
[Black "Mueller, Christian2222"]
[Result "1-0"]
[WhiteElo "2154"]
[BlackElo "2075"]
[PlyCount "69"]
[EventDate "2013.10.13"]
[EventType "team-tourn"]
[EventRounds "9"]
[EventCountry "GER"]
[SourceTitle "EXT 2015"]
[Source "ChessBase"]
[SourceDate "2014.11.20"]
[SourceVersion "1"]
[SourceVersionDate "2014.11.20"]
[SourceQuality "1"]
[WhiteTeam "Kareth Lappersdorf II"]
[BlackTeam "Windischeschenbach"]
[WhiteTeamCountry "GER"]
[BlackTeamCountry "GER"]

1. d4 f5 2. g3 Nf6 3. Bg2 e6 4. Nf3 Be7 5. 0-0 0-0 6. c4 d6 7. Nc3 a5 8. b3 Ne4 9. Bb2 Bf6 10. Qc2 Nxc3 11. Bxc3 Nc6 12. a3 e5 13. dxe5 dxe5 14. Rfd1 Qe8 15. Qb2 e4 16. Nd4 Ne5 17. c5 f4 18. Bxe4 fxg3 19. hxg3 Ng4 20. Bd5+ Kh8 21. Nf3 Bxc3 22. Qxc3 Qxe2 23. Rd2 Qe8 24. Re1 Qh5 25. Re7 Qh6 26. c6 b6 27. Rxc7 Ba6 28. Rf7 Rfe8 29. Rd4 Qh3 30. Bc4 Bxc4 31. Rxc4 Nf6 32. Rxf6 gxf6 33. Qxf6+ Kg8 34. Qg5+ Kh8 35. Rg4 1-0

[Event "Regionalliga NO 1213"]
[Site "Bayern"]
[Date "2013.02.03"]
[Round "6.3"]
[White "Jauernig, Udo"]
[Black "Reindl, Wolfgang"]
[Result "1-0"]
[WhiteElo "2148"]
[BlackElo "1940"]
[PlyCount "63"]
[EventDate "2012.10.14"]
[EventType "team-tourn"]
[EventRounds "9"]
[EventCountry "GER"]
[SourceTitle "EXT 2015"]
[Source "ChessBase"]
[SourceDate "2014.11.20"]
[SourceVersion "1"]
[SourceVersionDate "2014.11.20"]
[SourceQuality "1"]
[WhiteTeam "Kareth Lappersdorf II"]
[BlackTeam "Amberg Siemens"]
[WhiteTeamCountry "GER"]
[BlackTeamCountry "GER"]

1. d4 Nf6 2. c4 e6 3. g3 d5 4. Nf3 Be7 5. Bg2 0-0 6. 0-0 Nbd7 7. Qc2 c6 8. Nbd2 b6 9. e4 dxe4 10. Nxe4 Nxe4 11. Qxe4 Bb7 12. Bf4 Qc8 13. Ne5 Nxe5 14. Bxe5 Rd8 15. Rfd1 Bd6 16. c5 Bxe5 17. Qxe5 Qb8 18. b4 b5 19. Qe4 Qc7 20. h4 Qe7 21. Bf3 a6 22. Qe5 Rd7 23. a4 Rdd8 24. Ra3 Qd7 25. Rda1 bxa4 26. Rd1 a5 27. Rxa4 axb4 28. Rxb4 Ba6 29. Ra1 f6 30. Qe4 Bb5 31. Rxa8 Rxa8 32. Rxb5 1-0

[Event "Regionalliga NO 1213"]
[Site "Bayern"]
[Date "2012.11.11"]
[Round "2.3"]
[White "Jauernig, Udo"]
[Black "Votruba, Pavel"]
[Result "1/2-1/2"]
[WhiteElo "2148"]
[BlackElo "2160"]
[PlyCount "32"]
[EventDate "2012.10.14"]
[EventType "team-tourn"]
[EventRounds "9"]
[EventCountry "GER"]
[SourceTitle "EXT 2015"]
[Source "ChessBase"]
[SourceDate "2014.11.20"]
[SourceVersion "1"]
[SourceVersionDate "2014.11.20"]
[SourceQuality "1"]
[WhiteTeam "Kareth Lappersdorf II"]
[BlackTeam "Schwandorf"]
[WhiteTeamCountry "GER"]
[BlackTeamCountry "GER"]

1. d4 e6 2. c4 Nf6 3. g3 d5 4. Nf3 Bb4+ 5. Bd2 Bxd2+ 6. Nbxd2 0-0 7. Bg2 Nbd7 8. 0-0 Qe7 9. Qc2 c6 10. e4 Nxe4 11. Nxe4 dxe4 12. Qxe4 Nf6 13. Qe2 Rd8 14. Rfd1 Bd7 15. Ne5 Be8 16. Rab1 Nd7 1/2-1/2

[Event "Regionalliga NO 1213"]
[Site "Bayern"]
[Date "2012.10.14"]
[Round "1.3"]
[White "Lutz, Thomas"]
[Black "Jauernig, Udo"]
[Result "0-1"]
[WhiteElo "1971"]
[BlackElo "2148"]
[PlyCount "80"]
[EventDate "2012.10.14"]
[EventType "team-tourn"]
[EventRounds "9"]
[EventCountry "GER"]
[SourceTitle "EXT 2015"]
[Source "ChessBase"]
[SourceDate "2014.11.20"]
[SourceVersion "1"]
[SourceVersionDate "2014.11.20"]
[SourceQuality "1"]
[WhiteTeam "Bechhofen"]
[BlackTeam "Kareth Lappersdorf II"]
[WhiteTeamCountry "GER"]
[BlackTeamCountry "GER"]

1. d4 e6 2. Nf3 Nf6 3. g3 Be7 4. Bg2 0-0 5. 0-0 d5 6. Nbd2 c5 7. c3 Nc6 8. dxc5 Bxc5 9. Nb3 Bd6 10. Bg5 h6 11. Bxf6 Qxf6 12. Nfd4 Bc7 13. e4 Nxd4 14. Nxd4 dxe4 15. Bxe4 Bb6 16. Nb3 e5 17. Qf3 Qe7 18. Bd5 Rb8 19. Rfe1 Kh8 20. Qe2 Qf6 21. Nd2 Rd8 22. c4 Bg4 23. Qxg4 Qxf2+ 24. Kh1 Qxd2 25. Re2 Qb4 26. Qf5 Rf8 27. Rf1 Bd4 28. b3 Qe7 29. h4 Rbd8 30. Qe4 Qd7 31. Kg2 f5 32. Qf3 Rf6 33. h5 b5 34. Rb1 b4 35. Rd1 Qd6 36. Kh3 e4 37. Qg2 Be5 38. g4 fxg4+ 39. Qxg4 Rf3+ 40. Kh4 Bf6+ 0-1

[Event "Oberliga Bayern 1011"]
[Site "Germany"]
[Date "2010.11.14"]
[Round "3.7"]
[White "Jauernig, Udo"]
[Black "Wachinger, Guenther"]
[Result "1-0"]
[WhiteElo "2092"]
[BlackElo "2189"]
[PlyCount "77"]
[EventDate "2010.10.10"]
[EventType "team-tourn"]
[EventRounds "9"]
[EventCountry "GER"]
[SourceTitle "EXT 2012"]
[Source "ChessBase"]
[SourceDate "2011.11.24"]
[SourceVersion "1"]
[SourceVersionDate "2011.11.24"]
[SourceQuality "1"]
[WhiteTeam "Regensburg Fortuna"]
[BlackTeam "Pang/Rosenheim"]
[WhiteTeamCountry "GER"]
[BlackTeamCountry "GER"]

1. d4 Nf6 2. c4 c5 3. d5 a6 4. a4 e6 5. Nc3 exd5 6. cxd5 d6 7. e4 g6 8. f4 Bg7 9. Nf3 0-0 10. Be2 Re8 11. e5 dxe5 12. fxe5 Ng4 13. Bf4 Nxe5 14. 0-0 Nbd7 15. Qd2 Nxf3+ 16. Bxf3 Ne5 17. Be2 Bf5 18. Bg5 Qa5 19. Bh6 Qb4 20. Bxg7 Kxg7 21. Rf4 Qb6 22. a5 Qd8 23. Raf1 Qg5 24. Kh1 Qe7 25. g4 Bd7 26. Ne4 f5 27. gxf5 Bxf5 28. Ng3 Bh3 29. Rg1 Nd7 30. Qc3+ Qe5 31. Rh4 Nf6 32. Rxh3 Qxc3 33. bxc3 Nxd5 34. Bc4 Ne3 35. Nh5+ Kf8 36. Rf3+ Nf5 37. Ng3 Re5 38. Nxf5 gxf5 39. Rg8+ 1-0

[Event "Oberliga Bayern 0910"]
[Site "Bayern"]
[Date "2010.02.28"]
[Round "7.5"]
[White "Jauernig, Udo"]
[Black "Wiemer, Peter"]
[Result "0-1"]
[WhiteElo "2087"]
[BlackElo "2142"]
[PlyCount "90"]
[EventDate "2009.10.18"]
[EventType "team-tourn"]
[EventRounds "9"]
[EventCountry "GER"]
[SourceTitle "EXT 2011"]
[Source "ChessBase"]
[SourceDate "2010.11.26"]
[SourceVersion "1"]
[SourceVersionDate "2010.11.26"]
[SourceQuality "1"]
[WhiteTeam "Regensburg Fortuna"]
[BlackTeam "Zirndorf"]
[WhiteTeamCountry "GER"]
[BlackTeamCountry "GER"]

1. d4 Nf6 2. c4 Nc6 3. Nf3 d6 4. g3 e5 5. Bg2 g6 6. Nc3 exd4 7. Nxd4 Bd7 8. 0-0 Bg7 9. b3 0-0 10. Bb2 Re8 11. Nc2 Rb8 12. Ne3 a6 13. Rc1 Ne5 14. Qd2 b5 15. cxb5 axb5 16. Ncd5 Nxd5 17. Nxd5 c6 18. Ne3 d5 19. h3 Qb6 20. Rfd1 Be6 21. Bd4 Qa6 22. Rc2 f6 23. Qb4 Bf8 24. Bc5 Bg7 25. Rdc1 Rbc8 26. Qd2 Nd7 27. Bd4 Bf8 28. b4 Bg7 29. Qc3 Ne5 30. f4 Nc4 31. Nxc4 bxc4 32. Bxf6 Qb6+ 33. Kh2 Bxf6 34. Qxf6 Qxb4 35. e4 Qe7 36. Qe5 Bf7 37. Qc3 Qc5 38. Rd2 Ra8 39. Rcc2 Ra3 40. Qd4 Qxd4 41. Rxd4 Rd3 42. Rd2 Rxd4 43. Rxd4 c3 44. exd5 cxd5 45. Rd1 d4 0-1

[Event "Oberliga Bayern 0910"]
[Site "Bayern"]
[Date "2010.02.07"]
[Round "6.6"]
[White "Jauernig, Udo"]
[Black "Scheckenbach, Franz"]
[Result "0-1"]
[WhiteElo "2087"]
[BlackElo "2155"]
[PlyCount "84"]
[EventDate "2009.10.18"]
[EventType "team-tourn"]
[EventRounds "9"]
[EventCountry "GER"]
[SourceTitle "EXT 2011"]
[Source "ChessBase"]
[SourceDate "2010.11.26"]
[SourceVersion "1"]
[SourceVersionDate "2010.11.26"]
[SourceQuality "1"]
[WhiteTeam "Regensburg Fortuna"]
[BlackTeam "Groebenzell"]
[WhiteTeamCountry "GER"]
[BlackTeamCountry "GER"]

1. d4 d5 2. Nf3 e6 3. c4 c5 4. g3 Nc6 5. Bg2 Nf6 6. 0-0 Be7 7. cxd5 exd5 8. Nc3 0-0 9. dxc5 d4 10. Na4 Bf5 11. Bf4 Be4 12. Rc1 Qd5 13. Qb3 Qxb3 14. axb3 Rad8 15. Rfd1 Rfe8 16. Ne5 Bxg2 17. Kxg2 Nd5 18. Nxc6 Nxf4+ 19. gxf4 bxc6 20. Rc4 Bf6 21. Kf3 g6 22. b4 Rd5 23. b3 Rh5 24. Rh1 Rh3+ 25. Kg2 Rxb3 26. Rc2 d3 27. exd3 Rb8 28. Rhc1 Rxd3 29. Nb2 Rd4 30. Nc4 Rxf4 31. Na5 Rc8 32. Rb1 Re4 33. b5 cxb5 34. Rxb5 Bd8 35. Nb3 Bc7 36. Ra2 Rg4+ 37. Kh3 Rf4 38. Kg2 Rg4+ 39. Kh3 Rg1 40. Rxa7 Rd8 41. Nc1 Rd5 42. Rb4 Bd8 0-1

[Event "Oberliga Bayern 0910"]
[Site "Bayern"]
[Date "2009.11.29"]
[Round "3.5"]
[White "Jauernig, Udo"]
[Black "Just, Hannes"]
[Result "1-0"]
[WhiteElo "2087"]
[BlackElo "2045"]
[PlyCount "29"]
[EventDate "2009.10.18"]
[EventType "team-tourn"]
[EventRounds "9"]
[EventCountry "GER"]
[SourceTitle "EXT 2011"]
[Source "ChessBase"]
[SourceDate "2010.11.26"]
[SourceVersion "1"]
[SourceVersionDate "2010.11.26"]
[SourceQuality "1"]
[WhiteTeam "Regensburg Fortuna"]
[BlackTeam "Nuernberg NT II"]
[WhiteTeamCountry "GER"]
[BlackTeamCountry "GER"]

1. d4 d5 2. Nf3 c6 3. e3 Nf6 4. c4 e6 5. Bd3 Nbd7 6. b3 Qa5+ 7. Bd2 Qc7 8. Nc3 Bd6 9. Rc1 dxc4 10. bxc4 e5 11. 0-0 0-0 12. Qc2 Re8 13. c5 Bf8 14. Ng5 h6 15. Bh7+ 1-0

[Event "Oberliga Bayern 0910"]
[Site "Bayern"]
[Date "2009.11.15"]
[Round "2.5"]
[White "Studnicka, Tomas"]
[Black "Jauernig, Udo"]
[Result "1-0"]
[WhiteElo "2264"]
[BlackElo "2087"]
[PlyCount "65"]
[EventDate "2009.10.18"]
[EventType "team-tourn"]
[EventRounds "9"]
[EventCountry "GER"]
[SourceTitle "EXT 2011"]
[Source "ChessBase"]
[SourceDate "2010.11.26"]
[SourceVersion "1"]
[SourceVersionDate "2010.11.26"]
[SourceQuality "1"]
[WhiteTeam "Bad Koenigshofen"]
[BlackTeam "Regensburg Fortuna"]
[WhiteTeamCountry "GER"]
[BlackTeamCountry "GER"]

1. d4 e6 2. c4 Nf6 3. Nf3 b6 4. g3 Bb7 5. Bg2 Be7 6. 0-0 0-0 7. d5 Na6 8. Nc3 Nc5 9. Nd4 exd5 10. cxd5 Re8 11. b4 Na6 12. d6 Bxg2 13. dxe7 Qxe7 14. Kxg2 Qxb4 15. Qd2 c5 16. Nc2 Qc4 17. Qd3 Qxd3 18. exd3 d5 19. Bg5 Nc7 20. Rfe1 Re6 21. Bxf6 gxf6 22. a4 d4 23. Nb5 Nd5 24. a5 Rae8 25. Rxe6 Rxe6 26. Nxa7 bxa5 27. Rxa5 Re2 28. Nxd4 Rd2 29. Rxc5 Ne3+ 30. Kf3 Nd1 31. Rc2 Rxd3+ 32. Ke4 Ra3 33. Rc8+ 1-0

[Event "Oberliga Bayern 0910"]
[Site "Bayern"]
[Date "2009.10.18"]
[Round "1.5"]
[White "Jauernig, Udo"]
[Black "Wiegner, Denis"]
[Result "1/2-1/2"]
[WhiteElo "2087"]
[BlackElo "2191"]
[PlyCount "36"]
[EventDate "2009.10.18"]
[EventType "team-tourn"]
[EventRounds "9"]
[EventCountry "GER"]
[SourceTitle "EXT 2011"]
[Source "ChessBase"]
[SourceDate "2010.11.26"]
[SourceVersion "1"]
[SourceVersionDate "2010.11.26"]
[SourceQuality "1"]
[WhiteTeam "Regensburg Fortuna"]
[BlackTeam "Garching"]
[WhiteTeamCountry "GER"]
[BlackTeamCountry "GER"]

1. Nf3 d5 2. g3 e6 3. d4 Nf6 4. c4 Be7 5. Bg2 0-0 6. 0-0 dxc4 7. Qc2 a6 8. a4 c5 9. dxc5 Nc6 10. Bf4 Qd5 11. Na3 Qxc5 12. Qxc4 Nd5 13. Qxc5 Bxc5 14. Bd2 b6 15. Nc4 Bb7 16. Rac1 Rac8 17. Nce5 Rfd8 18. Rfd1 Nd4 1/2-1/2

[Event "Oberliga Bayern 0809"]
[Site "Bayern"]
[Date "2009.02.01"]
[Round "6.6"]
[White "Jauernig, Udo"]
[Black "Sternheimer, Erhard"]
[Result "1/2-1/2"]
[WhiteElo "2161"]
[BlackElo "2194"]
[PlyCount "49"]
[EventDate "2008.10.05"]
[EventType "team-tourn"]
[EventRounds "9"]
[EventCountry "GER"]
[SourceTitle "EXT 2020"]
[Source "ChessBase"]
[SourceDate "2019.10.17"]
[SourceVersion "1"]
[SourceVersionDate "2019.10.17"]
[SourceQuality "1"]
[WhiteTeam "Regensburg Fortuna"]
[BlackTeam "Koenigshofen"]
[WhiteTeamCountry "GER"]
[BlackTeamCountry "GER"]

1. d4 Nf6 2. c4 e5 3. dxe5 Ng4 4. Bf4 Nc6 5. Nf3 Bb4+ 6. Nbd2 Qe7 7. h3 Ngxe5 8. Nxe5 Nxe5 9. e3 Bxd2+ 10. Qxd2 d6 11. Rc1 0-0 12. Be2 a5 13. Qc3 Ng6 14. Bg3 a4 15. 0-0 b6 16. Bf3 Ra5 17. Rfd1 Ne5 18. Bd5 Re8 19. Qc2 Bd7 20. Rd4 Ng6 21. Qc3 Rc5 22. Qd2 Kf8 23. Be4 Kg8 24. Bf3 Ne5 25. Bd5 1/2-1/2

[Event "BL2-Ost 0708"]
[Site "Germany"]
[Date "2008.02.10"]
[Round "6.7"]
[White "Gempe, Thomas"]
[Black "Jauernig, Udo"]
[Result "1-0"]
[WhiteElo "2282"]
[BlackElo "2236"]
[PlyCount "79"]
[EventDate "2007.10.21"]
[EventType "team-tourn"]
[EventRounds "9"]
[EventCountry "GER"]
[SourceTitle "EXT 2009"]
[Source "ChessBase"]
[SourceDate "2008.11.26"]
[SourceVersion "1"]
[SourceVersionDate "2008.11.26"]
[SourceQuality "1"]
[WhiteTeam "Leipzig Mitte"]
[BlackTeam "Regensburg Fortuna"]
[WhiteTeamCountry "GER"]
[BlackTeamCountry "GER"]

1. d4 e6 2. Nf3 Nf6 3. c4 b6 4. g3 Ba6 5. b3 Bb4+ 6. Bd2 Be7 7. Bg2 c6 8. Bc3 d5 9. Ne5 Nfd7 10. Nxd7 Nxd7 11. Nd2 0-0 12. 0-0 Rc8 13. e4 b5 14. Re1 dxc4 15. bxc4 bxc4 16. Bf1 Nf6 17. Nxc4 c5 18. d5 exd5 19. Ba5 Qd7 20. exd5 Bd8 21. Ne5 Qd6 22. Bxd8 Rcxd8 23. Nc6 Bxf1 24. Nxd8 Bb5 25. Nc6 Bxc6 26. dxc6 Qxc6 27. Rc1 Rc8 28. Rc4 Nd7 29. Qc2 f6 30. Qe4 Ne5 31. Qxc6 Rxc6 32. Rc3 Kf7 33. f4 Nd7 34. Rce3 Rd6 35. Re7+ Kg6 36. g4 h5 37. gxh5+ Kh6 38. Re8 Kxh5 39. Rd8 Kg4 40. Re7 1-0

[Event "Oberliga Bayern 0607"]
[Site "Bayern"]
[Date "2007.02.25"]
[Round "6.7"]
[White "Jauernig, Udo"]
[Black "Fiege, Joern Henning"]
[Result "1/2-1/2"]
[WhiteElo "2158"]
[BlackElo "1991"]
[PlyCount "89"]
[EventDate "2006.10.15"]
[EventType "team-tourn"]
[EventRounds "9"]
[EventCountry "GER"]
[SourceTitle "EXT 2008"]
[Source "ChessBase"]
[SourceDate "2007.11.25"]
[SourceVersion "1"]
[SourceVersionDate "2007.11.25"]
[SourceQuality "1"]
[WhiteTeam "Regensburg Fortuna"]
[BlackTeam "Pasing"]
[WhiteTeamCountry "GER"]
[BlackTeamCountry "GER"]

1. d4 d5 2. Nf3 Nf6 3. c4 c6 4. g3 dxc4 5. Bg2 Bf5 6. 0-0 e6 7. Nbd2 Nbd7 8. Nxc4 Be7 9. Bf4 Nb6 10. Na5 Qc8 11. Ne5 0-0 12. Qb3 Rd8 13. Rac1 Be4 14. f3 Bg6 15. Rfd1 Rd5 16. Nac4 Qd8 17. e4 Rxd4 18. Rxd4 Bc5 19. Kh1 Bxd4 20. Rd1 c5 21. Be3 Nxc4 22. Qxc4 Qb6 23. Bxd4 Rd8 24. Rc1 cxd4 25. Qc7 Ne8 26. Qxb6 axb6 27. Kg1 f6 28. Nxg6 hxg6 29. f4 e5 30. Kf2 Kf7 31. Ke2 Ke7 32. Kd3 Nd6 33. h4 Rc8 34. Rxc8 Nxc8 35. Kc4 Kd6 36. b4 Kc6 37. b5+ Kd6 38. Bh3 Ne7 39. Bf1 Ke6 40. Bh3+ Kd6 41. Bg2 Nc8 42. Bh3 Ne7 43. Bg2 Ng8 44. Bh3 Ne7 45. Bg2 1/2-1/2

[Event "Oberpfalz-ch M1"]
[Site "Regensburg"]
[Date "2006.04.10"]
[Round "6.1"]
[White "Jauernig, Udo"]
[Black "Muehlbauer, Andreas"]
[Result "1/2-1/2"]
[WhiteElo "2192"]
[BlackElo "2080"]
[PlyCount "36"]
[EventDate "2006.04.08"]
[EventType "swiss"]
[EventRounds "8"]
[EventCountry "GER"]
[SourceTitle "EXT 2022"]
[Source "ChessBase"]
[SourceDate "2021.10.06"]
[SourceVersion "1"]
[SourceVersionDate "2021.10.06"]
[SourceQuality "1"]

1. d4 Nf6 2. c4 c5 3. d5 b5 4. Nf3 g6 5. Qc2 b4 6. a3 bxa3 7. Rxa3 d6 8. e4 Nxe4 9. Qxe4 Bf5 10. Qf4 Bxb1 11. Ng5 f6 12. Ne6 Qc8 13. Be2 h5 14. Qg3 Kf7 15. 0-0 Bf5 16. Re3 h4 17. Qf3 Bh6 18. Nf4 Nd7 1/2-1/2

[Event "Oberpfalz-ch M1"]
[Site "Regensburg"]
[Date "2006.04.09"]
[Round "3.4"]
[White "Jauernig, Udo"]
[Black "Riedl, Maximilian"]
[Result "1-0"]
[WhiteElo "2192"]
[BlackElo "1875"]
[PlyCount "79"]
[EventDate "2006.04.08"]
[EventType "swiss"]
[EventRounds "8"]
[EventCountry "GER"]
[SourceTitle "EXT 2022"]
[Source "ChessBase"]
[SourceDate "2021.10.06"]
[SourceVersion "1"]
[SourceVersionDate "2021.10.06"]
[SourceQuality "1"]

1. d4 d5 2. Nf3 Nf6 3. c4 c6 4. Qc2 g6 5. e3 Bf5 6. Bd3 Bxd3 7. Qxd3 e6 8. 0-0 Bg7 9. Nc3 0-0 10. e4 dxe4 11. Nxe4 Nxe4 12. Qxe4 Nd7 13. Bf4 Qa5 14. Bd6 Rfe8 15. Rfe1 Qf5 16. Qe3 Rac8 17. Qb3 b5 18. Ne5 Bxe5 19. dxe5 bxc4 20. Qb7 Nb6 21. Re3 g5 22. Rf3 Qg6 23. Qxa7 Nd5 24. Qd4 Qc2 25. Rg3 Kh8 26. Rxg5 Rg8 27. Rg3 Rxg3 28. hxg3 c3 29. bxc3 Qb2 30. Rd1 Nxc3 31. Qh4 Nxd1 32. Qf6+ Kg8 33. Qg5+ Kh8 34. Be7 Qxf2+ 35. Kh2 Nc3 36. Bf6+ Qxf6 37. Qxf6+ Kg8 38. Qg5+ Kh8 39. Qf4 Ne2 40. Qd2 1-0

[Event "Oberliga Bayern 0506"]
[Site "Bayern"]
[Date "2006.02.19"]
[Round "7.7"]
[White "Schmidt, Anton"]
[Black "Jauernig, Udo"]
[Result "0-1"]
[WhiteElo "2022"]
[BlackElo "2192"]
[PlyCount "74"]
[EventDate "2005.10.23"]
[EventType "team-tourn"]
[EventRounds "9"]
[EventCountry "GER"]
[SourceTitle "EXT 2007"]
[Source "ChessBase"]
[SourceDate "2006.11.23"]
[SourceVersion "1"]
[SourceVersionDate "2006.11.23"]
[SourceQuality "1"]
[WhiteTeam "Groebenzell"]
[BlackTeam "Regensburg Fortuna"]
[WhiteTeamCountry "GER"]
[BlackTeamCountry "GER"]

1. d4 e6 2. c4 Nf6 3. Nc3 Bb4 4. Bg5 c5 5. d5 exd5 6. cxd5 d6 7. e3 Nbd7 8. Bd3 Qa5 9. Nge2 Nxd5 10. 0-0 Bxc3 11. bxc3 c4 12. Bc2 0-0 13. Ng3 N7f6 14. e4 h6 15. Bxh6 Nxc3 16. Qf3 Bg4 17. Qf4 Qe5 18. f3 Bh5 19. Qg5 Qxg5 20. Bxg5 Bg6 21. Bd2 Nb5 22. Ba4 Nc7 23. Bf4 Rfd8 24. Rfd1 Nfe8 25. Rab1 Rab8 26. Rb2 b5 27. Bc2 d5 28. exd5 c3 29. Bxg6 cxb2 30. Be4 Rbc8 31. d6 Nxd6 32. Rxd6 Rxd6 33. Bxd6 Ne6 34. Nf5 Rc1+ 35. Kf2 b1Q 36. Bxb1 Rxb1 37. Be5 f6 0-1

[Event "BL2-Ost 0405"]
[Site "Germany"]
[Date "2005.03.13"]
[Round "8.8"]
[White "Jauernig, Udo"]
[Black "Doeres, Hans Juergen"]
[Result "1/2-1/2"]
[WhiteElo "2248"]
[BlackElo "2257"]
[PlyCount "77"]
[EventDate "2004.10.24"]
[EventType "team-tourn"]
[EventRounds "9"]
[EventCountry "GER"]
[SourceTitle "EXT 2007"]
[Source "ChessBase"]
[SourceDate "2006.11.23"]
[SourceVersion "1"]
[SourceVersionDate "2006.11.23"]
[SourceQuality "1"]
[WhiteTeam "Regensburg"]
[BlackTeam "Forchheim"]
[WhiteTeamCountry "GER"]
[BlackTeamCountry "GER"]

1. d4 d5 2. c4 c6 3. Nf3 Nf6 4. Qc2 dxc4 5. Qxc4 Bf5 6. g3 Nbd7 7. Bg2 e6 8. 0-0 Be7 9. Nc3 0-0 10. Bg5 h6 11. Bxf6 Nxf6 12. Ne5 Qb6 13. Na4 Qb4 14. Qxb4 Bxb4 15. Nc5 Bxc5 16. dxc5 Rad8 17. Nc4 Bg4 18. f3 Bh5 19. Rfd1 Rd5 20. b4 Rfd8 21. Ne3 Rd4 22. Kf2 Kf8 23. Ke1 Ke7 24. a3 Bg6 25. Rxd4 Rxd4 26. Rd1 Rxd1+ 27. Kxd1 Nd5 28. Nc4 Kd8 29. Kd2 f6 30. f4 Ne7 31. a4 Kc7 32. b5 cxb5 33. axb5 Nd5 34. Bxd5 exd5 35. Ne3 Be4 36. Kc3 a6 37. Kb4 axb5 38. Kxb5 d4 39. Nd1 1/2-1/2

[Event "BL2-Ost 0405"]
[Site "Germany"]
[Date "2004.12.12"]
[Round "4.7"]
[White "De la Cruz, Alfredo"]
[Black "Jauernig, Udo"]
[Result "1-0"]
[WhiteElo "2224"]
[BlackElo "2248"]
[PlyCount "69"]
[EventDate "2004.10.24"]
[EventType "team-tourn"]
[EventRounds "9"]
[EventCountry "GER"]
[SourceTitle "EXT 2007"]
[Source "ChessBase"]
[SourceDate "2006.11.23"]
[SourceVersion "1"]
[SourceVersionDate "2006.11.23"]
[SourceQuality "1"]
[WhiteTeam "Chemnitz"]
[BlackTeam "Regensburg"]
[WhiteTeamCountry "GER"]
[BlackTeamCountry "GER"]

1. c4 Nf6 2. Nc3 c5 3. g3 d5 4. cxd5 Nxd5 5. Bg2 Nc7 6. Qa4+ Qd7 7. Nf3 Nc6 8. 0-0 e5 9. a3 f6 10. Rb1 Rb8 11. d3 Be7 12. Bd2 b5 13. Qc2 0-0 14. Ne4 Ne6 15. b4 cxb4 16. axb4 Bb7 17. Qa2 Kh8 18. Rfc1 Ncd4 19. Nxd4 Nxd4 20. Bc3 Bd5 21. Qb2 Ne6 22. Ra1 Qb7 23. Bh3 Rfd8 24. f3 Bxe4 25. fxe4 Qb6+ 26. Kf1 Nd4 27. Ra3 Nc6 28. Be1 a5 29. Bf2 Qb7 30. Rac3 Rd6 31. bxa5 Qa8 32. Bc5 Rdd8 33. Bb6 Rd6 34. Qxb5 Nxa5 35. Qxa5 1-0

[Event "Oberpfalz-ch M1"]
[Site "Regensburg"]
[Date "2004.04.06"]
[Round "7.2"]
[White "Jauernig, Udo"]
[Black "Ewald, Alexander"]
[Result "1/2-1/2"]
[WhiteElo "2250"]
[BlackElo "2173"]
[PlyCount "31"]
[EventDate "2004.04.03"]
[EventType "swiss"]
[EventRounds "8"]
[EventCountry "GER"]
[SourceTitle "EXT 2022"]
[Source "ChessBase"]
[SourceDate "2021.10.06"]
[SourceVersion "1"]
[SourceVersionDate "2021.10.06"]
[SourceQuality "1"]

1. d4 Nf6 2. c4 e6 3. g3 d5 4. Nf3 Be7 5. Bg2 0-0 6. 0-0 dxc4 7. Qc2 a6 8. a4 Bd7 9. Qxc4 Bc6 10. Bg5 Nbd7 11. Nc3 Rc8 12. Rfd1 Ne4 13. Bxe7 Qxe7 14. Qd3 Nxc3 15. bxc3 Nf6 16. Ne5 1/2-1/2